Nancy Best Scorer By Year - Statistics

General Stats
  • This quiz has been taken 22 times
  • The average score is 4 of 21
Answer Stats
Player % Correct
Youssouf Hadji
94%
Michel Platini
59%
Issiar Dia
41%
Benjamin Gavanon
24%
David Zitelli
24%
Tony Cascarino
24%
Sébastien Puygrenier
18%
Daniel Niculae
12%
Élie Kroupi
12%
Antoine Kuszowski
6%
Bernard Zénier
6%
Éric Rabésandratana
6%
Finn Wiberg
6%
Francisco Rubio
6%
Jean-Philippe Séchet
6%
Louis Marcialis
6%
Raúl Castronovo
6%
Ray Stephen
6%
Ruben Umpiérrez
6%
Ryszard Tarasiewicz
6%
Thierry Meyer
6%
No matching quizzes found
Score Distribution
Percent of People with Each Score
Percentile by Number Answered
Your Score History
You have not taken this quiz